000 00607pab a2200181 454500
008 180718b2005 xxu||||| |||| 00| 0 eng d
100 _aPanda, Tapan K.
245 _aFrom tacit to explicit: role of business intelligence and employee commitment in bridging the divide between human resource management and knowledge management
260 _c2005
300 _ap.7-16.
362 _aDec
650 _aHuman resources development
650 _aKnowledge management
700 _aMishra, Subrat K.
700 _aPanda, Tapas K.
773 _aThe ICFAI Journal of Knowledge Management
909 _a67945
999 _c67945
_d67945